Länder am Mittelmeer - Statistiken

Allgemein
  • Dieses Quiz wurde 219 mal gespielt
  • Das Durchschnittsergebnis liegt bei 20 aus 21
Antworten auf der Karte
Die Antworten werden auf der Karte rot bzw. grün angezeigt, abhängig davon wie oft sie richtig erraten wurden.
 
Antwortstatistiken
Länder % Korrekt
Frankreich
99%
Italien
99%
Marokko
99%
Spanien
99%
Ägypten
98%
Griechenland
98%
Türkei
98%
Albanien
97%
Israel
97%
Kroatien
97%
Zypern
97%
Algerien
94%
Bosnien und Herzegowina
94%
Tunesien
94%
Montenegro
91%
Slowenien
91%
Malta
90%
Libyen
89%
Syrien
86%
Libanon
84%
Monaco
71%
Keine übereinstimmenden Quizze gefunden
Verteilung der Resultate
Anzahl Personen mit jedem Resultat
Perzentil nach korrekt beantworteten Fragen
Ihre Resultats-Entwicklung
Sie haben dieses Quiz noch nicht gespielt